[Event "ch-CHN 2020"]
[Site "Xinghua CHN"]
[Date "2020.12.22"]
[Round "4.6"]
[White "Bai, Jinshi"]
[Black "Wei, Yi"]
[Result "1/2-1/2"]
[WhiteTitle "GM"]
[BlackTitle "GM"]
[WhiteElo "2618"]
[BlackElo "2732"]
[WhiteFideId "8602280"]
[BlackFideId "8603405"]
[EventDate "2020.12.19"]

1. d4 d5 2. c4 e6 3. Nf3 Nf6 4. Nc3 c6 5. e3 Nbd7 6. Qc2 Bd6 7. Be2 O-O 8. O-O
b6 9. a4 a5 10. e4 dxe4 11. Nxe4 Nxe4 12. Qxe4 Bb7 13. Rd1 Qc7 14. Bd3 g6 15.
Qh4 Rfe8 16. Ng5 Nf6 17. Nh3 Nd7 18. Ng5 Nf6 19. Nh3 Nd7 20. Ng5 1/2-1/2

[Event "ch-CHN 2020"]
[Site "Xinghua CHN"]
[Date "2020.12.23"]
[Round "5.1"]
[White "Wei, Yi"]
[Black "Xu, Xiangyu"]
[Result "1-0"]
[WhiteTitle "GM"]
[BlackTitle "GM"]
[WhiteElo "2732"]
[BlackElo "2573"]
[WhiteFideId "8603405"]
[BlackFideId "8608288"]
[EventDate "2020.12.19"]

1. d4 Nf6 2. c4 g6 3. Nc3 d5 4. cxd5 Nxd5 5. e4 Nxc3 6. bxc3 c5 7. Nf3 Bg7 8.
Be3 Bg4 9. Qa4+ Nc6 10. Rc1 Bxf3 11. gxf3 e6 12. Bb5 O-O 13. Bxc6 bxc6 14. h4 h5
15. Kf1 Kh7 16. dxc5 Qc7 17. Kg2 Bf6 18. Rhd1 Rfd8 19. Kh3 Bxh4 20. Rd6 Be7 21.
e5 Bxd6 22. cxd6 Qc8 23. Qf4 Rd7 24. Qh6+ Kg8 25. Rg1 Rb8 26. Kh2 Qf8 27. Qxh5
Qg7 28. Qg5 Rf8 29. Bd4 c5 30. Bxc5 f6 31. Qg4 Kf7 32. Qa4 Rb7 33. Kg2 fxe5 34.
Be3 Kg8 35. Qg4 Rbf7 36. c4 Rxf3 37. Qxe6+ Qf7 38. Qxf7+ R3xf7 39. c5 Rd7 40.
Rd1 Rc8 41. Kf3 Kf7 42. Ke4 Ke6 43. Rd5 Rf7 44. Rxe5+ Kd7 45. Kd5 Rc6 46. Bd2
Ra6 47. a4 Rc6 48. Bc3 Rf5 49. f4 Ra6 50. Be1 Rc6 51. Ba5 Ra6 52. Bd2 Rc6 53.
Kc4 Rf7 54. Be3 Rc8 55. Kd5 Rc6 56. Bc1 Rf5 57. Bd2 Rc8 58. Rxf5 gxf5 59. Ba5
Rc6 60. Bc7 Ra6 61. a5 Rc6 62. Bb6 a6 63. Bd8 1-0

[Event "ch-CHN 2020"]
[Site "Xinghua CHN"]
[Date "2020.12.23"]
[Round "5.2"]
[White "Lu, Shanglei"]
[Black "Bai, Jinshi"]
[Result "1-0"]
[WhiteTitle "GM"]
[BlackTitle "GM"]
[WhiteElo "2615"]
[BlackElo "2618"]
[WhiteFideId "8603332"]
[BlackFideId "8602280"]
[EventDate "2020.12.19"]

1. e4 e5 2. Bc4 Nf6 3. d3 c6 4. Nf3 d5 5. Bb3 a5 6. a4 Bb4+ 7. c3 Bd6 8. exd5
Nxd5 9. O-O O-O 10. Bg5 f6 11. Bh4 Kh8 12. Re1 Bg4 13. d4 exd4 14. Qxd4 Bxf3 15.
gxf3 Na6 16. Nd2 Bc5 17. Qc4 Nxc3 18. bxc3 Qxd2 19. Rad1 Qh6 20. Bg3 f5 21. Re6
Qh5 22. Be5 Qg5+ 23. Kh1 Bxf2 24. Qf1 Bc5 25. f4 Qh4 26. Rd3 Qh5 27. Rh3 Qf7 28.
Reh6 1-0

[Event "ch-CHN 2020"]
[Site "Xinghua CHN"]
[Date "2020.12.23"]
[Round "5.3"]
[White "Xu, Yinglun"]
[Black "Lin, Yi"]
[Result "1/2-1/2"]
[WhiteTitle "GM"]
[BlackTitle "IM"]
[WhiteElo "2554"]
[BlackElo "2408"]
[WhiteFideId "8604940"]
[BlackFideId "8609659"]
[EventDate "2020.12.19"]

1. c4 e6 2. Nc3 d5 3. d4 Nf6 4. cxd5 exd5 5. Bg5 c6 6. e3 Bf5 7. Qf3 Bg6 8. Bxf6
Qxf6 9. Qxf6 gxf6 10. Nf3 Nd7 11. Nh4 Be7 12. Ne2 f5 13. g3 Bxh4 14. gxh4 Nf6
15. Ng3 f4 16. exf4 Nh5 17. Nxh5 Bxh5 18. Rg1 f6 19. Rg7 Bf7 20. Bd3 Kf8 21. Rg3
Bg6 22. f5 Bf7 23. Kd2 Rg8 24. a4 a5 25. Re1 h5 26. h3 Re8 27. Rb1 Ra8 28. b4
axb4 29. Rxb4 Ra7 30. Be2 Be8 31. Re3 Bd7 32. Bxh5 Rh8 33. Bg4 Rxh4 34. a5 Bc8
35. Ra3 Rh7 36. Rb6 Ke7 37. a6 Kd6 38. axb7 Rhxb7 39. Rxb7 Rxb7 40. Ke3 Rh7 41.
Kf4 Bd7 42. Ra8 Ke7 43. Rb8 Kd6 44. Ra8 Ke7 45. Ke3 Kd6 46. Rf8 Ke7 47. Rb8 Kd6
48. Kd3 Ke7 49. Kc3 Kd6 50. Kb4 Rh6 51. Rg8 Rh7 52. Ra8 Rh6 53. Ka5 c5 54. Ra6+
Bc6 55. Bd1 Kc7 56. dxc5 Rxh3 57. Ra7+ Bb7 58. Ba4 Rh8 59. Bb5 Ra8 60. Rxa8 Bxa8
61. Be8 d4 62. Kb4 Bd5 63. Bh5 Be4 64. Bg4 Bd3 65. Bh3 Kc6 66. Bg2+ Kc7 67. Kb3
Bxf5 68. Kc4 d3 69. Kc3 Bg6 70. Bd5 Bf5 71. f3 Bg6 72. f4 Bf5 73. Bf3 Kd7 74.
Kd4 Kc7 75. Ke3 Kd7 76. Bd1 Kc6 77. Kd4 Kc7 78. Ba4 d2 79. Kc3 Bd7 80. Bd1 Kc6
81. Kd4 1/2-1/2

[Event "ch-CHN 2020"]
[Site "Xinghua CHN"]
[Date "2020.12.23"]
[Round "5.4"]
[White "Zhao, Jun"]
[Black "Huang, Renjie"]
[Result "1/2-1/2"]
[WhiteTitle "GM"]
[WhiteElo "2638"]
[BlackElo "2422"]
[WhiteFideId "8602522"]
[BlackFideId "8610134"]
[EventDate "2020.12.19"]

1. d4 d5 2. c4 c6 3. Nf3 Nf6 4. e3 e6 5. b3 Bb4+ 6. Nbd2 Nbd7 7. Bb2 b6 8. Bd3
Bb7 9. a3 Bd6 10. b4 c5 11. cxd5 exd5 12. dxc5 bxc5 13. bxc5 Bxc5 14. Rb1 Rb8
15. O-O O-O 16. Nb3 Qe7 17. Nxc5 Nxc5 18. Be5 Rbc8 19. Bf5 Rc6 20. Qd4 g6 21.
Bh3 Ba6 22. Rfc1 Bc4 23. Bxf6 Qxf6 24. Ne5 Rc7 25. f4 Qe7 26. Nxc4 dxc4 27. Rxc4
Rd8 28. Qe5 Qxe5 29. fxe5 Rd5 30. e6 fxe6 31. Rbc1 Kf7 32. Bg4 Ke7 33. Bf3 Re5
34. Rh4 h5 35. Rhc4 Kd7 36. h4 Na6 37. Be4 g5 38. hxg5 Rxg5 39. Bf3 Rxc4 40.
Rxc4 Ra5 41. a4 Nc5 42. Bd1 Ke7 43. Rh4 Nd3 44. Rxh5 Rxh5 45. Bxh5 Nb2 46. a5
Nc4 47. a6 Nxe3 48. Kf2 Nd5 49. Bf3 Nc7 50. Be2 Kf6 51. Kg3 Kg5 52. Bc4 e5 53.
Kf3 Kh4 54. Be2 Kg5 55. Ke4 Kh4 56. Kf3 Kg5 57. g3 Ne6 58. Ke4 Nc5+ 59. Kxe5
Nxa6 60. Bxa6 Kg4 61. Ke4 1/2-1/2

[Event "ch-CHN 2020"]
[Site "Xinghua CHN"]
[Date "2020.12.23"]
[Round "5.5"]
[White "Yu, Yangyi"]
[Black "Ju, Wenjun"]
[Result "1/2-1/2"]
[WhiteTitle "GM"]
[BlackTitle "GM"]
[WhiteElo "2709"]
[BlackElo "2560"]
[WhiteFideId "8603820"]
[BlackFideId "8603006"]
[EventDate "2020.12.19"]

1. c4 e5 2. Nc3 Nf6 3. Nf3 Nc6 4. a3 d5 5. cxd5 Nxd5 6. Qc2 Be7 7. e3 a6 8. Nxd5
Qxd5 9. Bd3 Be6 10. Be4 Qd6 11. b4 Bd5 12. Bb2 Rd8 13. Rc1 Qe6 14. Bf5 Qd6 15.
O-O g6 16. e4 Ba2 17. Bh3 O-O 18. Bc3 Bc4 19. Rfe1 b5 20. Qb2 f6 21. g3 a5 22.
Bf1 Bxf1 23. Kxf1 axb4 24. Bxb4 Nxb4 25. axb4 Qxb4 26. Qa2+ Rf7 27. Rxc7 Qa3 28.
Qxa3 Bxa3 29. Rc6 Rb8 30. Rb1 Bf8 31. d3 b4 32. Nd2 Kg7 33. Ke2 Ra7 34. Rb2 h5
35. h4 Rb5 36. Nb3 Kf7 37. Rbc2 Rbb7 38. f4 Ra3 39. Rb2 Rba7 40. Ke3 Ra2 41.
Rxa2 Rxa2 42. Nd2 Bh6 43. Nc4 Rh2 44. Rc7+ Kg8 45. Rc8+ Kf7 46. Rc7+ Kg8 47.
Rc8+ 1/2-1/2

[Event "ch-CHN 2020"]
[Site "Xinghua CHN"]
[Date "2020.12.23"]
[Round "5.6"]
[White "Wen, Yang"]
[Black "Zhang, Rui"]
[Result "1-0"]
[WhiteTitle "GM"]
[WhiteElo "2594"]
[BlackElo "1658"]
[WhiteFideId "8602956"]
[BlackFideId "8620750"]
[EventDate "2020.12.19"]

1. d4 d5 2. Nf3 Nf6 3. Bf4 e6 4. Nbd2 Bd6 5. Bg5 h6 6. Bxf6 Qxf6 7. e4 dxe4 8.
Nxe4 Qe7 9. Bd3 Nd7 10. Qe2 Nf6 11. Ne5 Bxe5 12. dxe5 Nd5 13. O-O Bd7 14. f4
O-O-O 15. Qf2 Kb8 16. a3 f5 17. exf6 Nxf6 18. Rae1 Bc6 19. Qc5 Qd7 20. Nd2 Qd5
21. Qxd5 exd5 22. Nf3 Ne4 23. Ne5 Rhe8 24. h4 Re6 25. Re3 a6 26. h5 Ka7 27. Rfe1
Rf8 28. Ng6 Rfe8 29. g4 Nc5 30. Ne5 Nxd3 31. cxd3 Rf8 32. f5 Rd6 33. d4 Bb5 34.
Ng6 Rg8 35. Re6 Rxe6 36. Rxe6 c5 37. dxc5 d4 38. Rd6 Rc8 39. b4 d3 40. Nf4 Re8
41. Ne6 Bc4 42. Kf2 Re7 43. Ke3 Bb5 44. Kd2 Rf7 45. Nd4 Ba4 46. Kxd3 Bd1 47. Rg6
Rd7 48. Ke3 Re7+ 49. Ne6 1-0

[Event "ch-CHN 2020"]
[Site "Xinghua CHN"]
[Date "2020.12.24"]
[Round "6.1"]
[White "Xu, Xiangyu"]
[Black "Zhang, Rui"]
[Result "1-0"]
[WhiteTitle "GM"]
[WhiteElo "2573"]
[BlackElo "1658"]
[WhiteFideId "8608288"]
[BlackFideId "8620750"]
[EventDate "2020.12.19"]

1. d4 d5 2. c4 c6 3. cxd5 cxd5 4. Bf4 Nf6 5. e3 e6 6. Nc3 Bd6 7. Bxd6 Qxd6 8.
Bd3 Nc6 9. f4 a6 10. Nf3 b5 11. Ne5 Bb7 12. Rc1 Na5 13. O-O Nc4 14. Qe2 Qe7 15.
a4 b4 16. Na2 Nxe5 17. fxe5 Ne4 18. Bxe4 dxe4 19. Rc5 O-O 20. Rfc1 a5 21. Rc7
Ba6 22. Qg4 Qd8 23. R1c5 Rc8 24. Rxc8 Bxc8 25. Qxe4 f5 26. Qf4 g5 27. Qg3 f4 28.
Qh3 Qe8 29. Nc1 Qg6 30. exf4 gxf4 31. Qf3 Qg7 32. h3 Kh8 33. Qg4 Qd7 34. Kh2 Bb7
35. Qh4 Qg7 36. Rc2 Qd7 37. Qh6 Rf7 38. Nb3 Bd5 39. Nc5 Qe8 40. Rf2 Qg8 41. Nxe6
Qg3+ 42. Kg1 f3 43. Qg5 Qxg5 44. Nxg5 Rc7 45. gxf3 Bb3 46. f4 Bxa4 47. d5 Bb3
48. d6 Rg7 49. Kh2 a4 50. e6 Rxg5 51. e7 1-0

[Event "ch-CHN 2020"]
[Site "Xinghua CHN"]
[Date "2020.12.24"]
[Round "6.2"]
[White "Ju, Wenjun"]
[Black "Wen, Yang"]
[Result "1-0"]
[WhiteTitle "GM"]
[BlackTitle "GM"]
[WhiteElo "2560"]
[BlackElo "2594"]
[WhiteFideId "8603006"]
[BlackFideId "8602956"]
[EventDate "2020.12.19"]

1. d4 d5 2. c4 e6 3. Nf3 Nf6 4. Nc3 c6 5. e3 Nbd7 6. Qc2 b6 7. Be2 Bb7 8. O-O
Bd6 9. Rd1 O-O 10. e4 Nxe4 11. Nxe4 dxe4 12. Qxe4 Qc7 13. Bd3 g6 14. Qh4 Rfe8
15. Ng5 Nf6 16. c5 bxc5 17. dxc5 Bxc5 18. Bf4 e5 19. Be3 Bxe3 20. fxe3 Qb6 21.
Bc4 Qxe3+ 22. Kh1 Kg7 23. Rf1 Qd4 24. Ne4 Qxe4 25. Qxf6+ Kh6 26. Bxf7 Rf8 27.
Rae1 Qg4 28. Re3 c5 29. Rg3 Qh5 30. Kg1 Bc8 31. Rff3 e4 32. Rh3 Bxh3 33. Rxh3
Qxh3 34. gxh3 Rad8 35. Qe7 Rd1+ 36. Kf2 Rfd8 37. Bc4 R8d2+ 38. Ke3 1-0

[Event "ch-CHN 2020"]
[Site "Xinghua CHN"]
[Date "2020.12.24"]
[Round "6.3"]
[White "Huang, Renjie"]
[Black "Yu, Yangyi"]
[Result "1/2-1/2"]
[BlackTitle "GM"]
[WhiteElo "2422"]
[BlackElo "2709"]
[WhiteFideId "8610134"]
[BlackFideId "8603820"]
[EventDate "2020.12.19"]

1. e4 c5 2. Nf3 Nc6 3. Bb5 e6 4. O-O Nge7 5. Nc3 Ng6 6. Bxc6 bxc6 7. d3 e5 8.
Be3 d5 9. Na4 d4 10. Bg5 f6 11. Bc1 h5 12. b3 Bg4 13. h3 Bd7 14. Ba3 Nf4 15. Kh1
g5 16. Bxc5 Bg4 17. Bxf8 Kxf8 18. g3 Nxh3 19. Kg2 Qe7 20. Rh1 Kf7 21. Qd2 Bxf3+
22. Kxf3 g4+ 23. Ke2 f5 24. exf5 e4 25. Rhf1 Rae8 26. Rae1 Nxf2 27. dxe4 Nxe4
28. Qxd4 Rd8 29. Qc4+ Rd5 30. Qxc6 Ng5+ 31. Kf2 Rd2+ 32. Kg1 Nf3+ 33. Qxf3 gxf3
34. Rxe7+ Kxe7 35. Rxf3 Rxc2 36. Nc3 Rd8 37. Kf1 Rdd2 38. Re3+ Kf7 39. Ne2 Rxa2
40. Ke1 Rdb2 41. Kf2 Ra5 42. Kf3 Rxf5+ 43. Ke4 Kf6 44. Kd4 Rd2+ 45. Kc3 Rd7 46.
Nf4 h4 47. Nh3 hxg3 48. Rxg3 a5 49. Ng1 Rc5+ 50. Kb2 Rd2+ 51. Ka3 Rcc2 52. Ka4
Ra2+ 53. Kb5 Rd4 54. Rf3+ Ke7 55. Kc5 Rd1 56. Re3+ Kd7 57. Nf3 Rh1 58. Ne5+ Kc7
59. Nc4 Rh5+ 60. Re5 Rah2 61. Rxh5 Rxh5+ 62. Kd4 Kc6 63. Kc3 Kb5 64. Na3+ Kc5
65. Nc2 Rh3+ 66. Kb2 Rd3 67. Ne1 Rg3 68. Nc2 Kd5 69. Ka3 Kc5 70. Kb2 Rh3 71. Ka2
Rh2 72. Kb2 Kd5 73. Kc3 Rh3+ 74. Kb2 Ke4 75. Na3 Kd4 76. Nb5+ Kd3 77. Nd6 Kd4
78. Nb5+ Kd5 79. Na3 Rh2+ 80. Nc2 Kc6 81. Kc3 Kb5 82. Na3+ Kc5 83. Nc2 Rh3+ 84.
Kb2 Rh1 85. Kc3 Rh4 86. Kb2 Rh3 87. Ka2 Rh1 88. Kb2 Kd5 89. Kc3 Ke4 90. Na3 Ra1
91. Kb2 Rg1 92. Nc4 Rg5 93. Ka3 Kd4 94. Ka4 Kc3 95. Nxa5 Rg4+ 96. Kb5 Rb4+ 97.
Kc5 Rb8 98. Nc6 Rxb3 99. Ne5 Rb8 100. Kd5 Rd8+ 101. Ke4 Rd1 102. Ke3 Re1+ 103.
Kf4 Re2 104. Nf3 Kc4 105. Ne5+ Kd5 106. Nf3 Re8 107. Kf5 Rf8+ 108. Kg4 Ke4 109.
Ng5+ Ke3 110. Kg3 Rf4 111. Nh3 Rb4 112. Ng5 Ra4 113. Nh3 Ra1 114. Kg4 Ra8 115.
Ng5 Rf8 116. Ne6 Rf6 117. Ng5 Kd3 118. Kg3 Kd4 119. Kg4 Ke3 120. Kg3 Rf8 121.
Kg4 Rf1 122. Nh3 Kd4 123. Ng5 Kd5 124. Nf3 Ra1 125. Kf4 Ra4+ 126. Kf5 Ra8 127.
Kf4 Re8 128. Kf5 Rf8+ 129. Kg4 Ke4 130. Ng5+ Ke3 131. Kg3 Rf5 132. Kg4 Re5 133.
Nf7 Ra5 134. Ng5 Ra8 135. Kf5 Rf8+ 136. Ke5 Re8+ 137. Kf5 Rf8+ 1/2-1/2

[Event "ch-CHN 2020"]
[Site "Xinghua CHN"]
[Date "2020.12.24"]
[Round "6.4"]
[White "Lin, Yi"]
[Black "Zhao, Jun"]
[Result "1-0"]
[WhiteTitle "IM"]
[BlackTitle "GM"]
[WhiteElo "2408"]
[BlackElo "2638"]
[WhiteFideId "8609659"]
[BlackFideId "8602522"]
[EventDate "2020.12.19"]

1. d4 g6 2. c4 Bg7 3. e4 d6 4. Nc3 c5 5. d5 e5 6. h4 Nf6 7. Be2 h5 8. Bg5 Na6 9.
Qd2 Bd7 10. O-O-O Qb8 11. f4 Nh7 12. f5 gxf5 13. exf5 Bxf5 14. Bh6 O-O 15. Bxh5
b5 16. cxb5 Nb4 17. Rf1 Nd3+ 18. Kd1 Bxh6 19. Qxh6 Nxb2+ 20. Kd2 Qc8 21. Nh3 f6
22. g4 Bd3 23. g5 Bxf1 24. gxf6 Nc4+ 25. Kc1 1-0

[Event "ch-CHN 2020"]
[Site "Xinghua CHN"]
[Date "2020.12.24"]
[Round "6.5"]
[White "Bai, Jinshi"]
[Black "Xu, Yinglun"]
[Result "1-0"]
[WhiteTitle "GM"]
[BlackTitle "GM"]
[WhiteElo "2618"]
[BlackElo "2554"]
[WhiteFideId "8602280"]
[BlackFideId "8604940"]
[EventDate "2020.12.19"]

1. d4 d5 2. c4 e6 3. Nc3 Be7 4. cxd5 exd5 5. Bf4 c6 6. Qc2 Bd6 7. Bxd6 Qxd6 8.
e3 Ne7 9. Bd3 b6 10. Nf3 Ba6 11. O-O Bxd3 12. Qxd3 O-O 13. Rac1 Nd7 14. Rc2 Rfd8
15. Rfc1 a5 16. b3 Rab8 17. Ne2 Ra8 18. Ng3 g6 19. a4 Kg7 20. h4 Qe6 21. h5 Qg4
22. Re1 f5 23. Ne2 gxh5 24. Nf4 Kf7 25. Ne5+ Nxe5 26. dxe5 Qg7 27. e6+ Kg8 28.
Nxh5 Qg5 29. Nf4 Rd6 30. f3 Ng6 31. Rec1 c5 32. Nxd5 Re8 1-0

[Event "ch-CHN 2020"]
[Site "Xinghua CHN"]
[Date "2020.12.24"]
[Round "6.6"]
[White "Wei, Yi"]
[Black "Lu, Shanglei"]
[Result "1/2-1/2"]
[WhiteTitle "GM"]
[BlackTitle "GM"]
[WhiteElo "2732"]
[BlackElo "2615"]
[WhiteFideId "8603405"]
[BlackFideId "8603332"]
[EventDate "2020.12.19"]

1. e4 c5 2. Nf3 d6 3. d4 cxd4 4. Nxd4 Nf6 5. Nc3 a6 6. Be3 Ng4 7. Bg5 h6 8. Bh4
g5 9. Bg3 Bg7 10. h3 Ne5 11. Nf5 Bxf5 12. exf5 Nbc6 13. Nd5 e6 14. fxe6 fxe6 15.
Ne3 Qa5+ 16. c3 Nf3+ 17. gxf3 Bxc3+ 18. bxc3 Qxc3+ 19. Qd2 Qxa1+ 20. Nd1 Qd4 21.
Bd3 Ne5 22. Bxe5 Qxe5+ 23. Kf1 O-O 24. Be2 Rf4 25. Ne3 Rc8 26. Kg2 Qd4 27. Bd3
h5 28. Rd1 Qc3 29. Qe2 Rcf8 30. Nf1 Qf6 31. Nh2 d5 32. Bb1 Rf7 33. Rc1 e5 34.
Qd3 e4 35. Qxd5 Rxf3 36. Qxe4 Rxf2+ 37. Kg1 Qd8 38. Nf1 R2f6 39. Ne3 Qd7 40. Rc5
Re7 41. Qc4+ Qe6 1/2-1/2

[Event "ch-CHN 2020"]
[Site "Xinghua CHN"]
[Date "2020.12.25"]
[Round "7.1"]
[White "Lu, Shanglei"]
[Black "Xu, Xiangyu"]
[Result "1-0"]
[WhiteTitle "GM"]
[BlackTitle "GM"]
[WhiteElo "2615"]
[BlackElo "2573"]
[WhiteFideId "8603332"]
[BlackFideId "8608288"]
[EventDate "2020.12.19"]

1. e4 c5 2. Nf3 Nc6 3. d4 cxd4 4. Nxd4 Nf6 5. Nc3 e6 6. Ndb5 Bb4 7. a3 Bxc3+ 8.
Nxc3 d5 9. Bd3 dxe4 10. Nxe4 Nxe4 11. Bxe4 Qxd1+ 12. Kxd1 Bd7 13. Be3 f5 14. Bf3
O-O-O 15. Kc1 e5 16. Re1 f4 17. Bd2 Nd4 18. Be4 Bc6 19. a4 Rd6 20. Bxc6 Rxc6 21.
Bc3 f3 22. Bxd4 exd4 23. g3 g5 24. Re4 Kb8 25. Kd2 g4 26. Kd3 Rhc8 27. Rc1 h5
28. Re5 Rb6 29. Rxh5 Rxb2 30. Rg5 Re8 31. Rxg4 Re2 32. Rxd4 Rxf2 33. h4 Rg2 34.
g4 Rb6 35. g5 Rc6 36. Rf4 Rh2 37. Rf1 Rhxc2 38. R1xf3 a5 39. h5 R2c3+ 40. Ke4
R3c5 41. h6 Rxg5 42. h7 Rh5 43. Rf8+ Ka7 44. h8=Q Rxh8 45. Rxh8 Rc4+ 46. Kd5
Rxa4 47. Rb3 Rg4 48. Rh7 Ka6 49. Rbxb7 1-0

[Event "ch-CHN 2020"]
[Site "Xinghua CHN"]
[Date "2020.12.25"]
[Round "7.2"]
[White "Xu, Yinglun"]
[Black "Wei, Yi"]
[Result "1/2-1/2"]
[WhiteTitle "GM"]
[BlackTitle "GM"]
[WhiteElo "2554"]
[BlackElo "2732"]
[WhiteFideId "8604940"]
[BlackFideId "8603405"]
[EventDate "2020.12.19"]

1. c4 Nf6 2. Nc3 e6 3. e4 d5 4. cxd5 exd5 5. e5 Ne4 6. Nf3 Bf5 7. Be2 d4 8. Nxe4
Bxe4 9. Bc4 Nc6 10. O-O Qd7 11. Re1 Bd5 12. Bxd5 Qxd5 13. d3 O-O-O 14. Re4 f5
15. exf6 gxf6 16. Nh4 Rg8 17. Qf3 Ne5 18. Qe2 Nf7 19. Bf4 Bd6 20. Qf3 Qb5 21.
Bxd6 Nxd6 22. Re2 Kb8 23. g3 Nf7 24. Qf5 Qa6 25. Nf3 Qc6 26. Rae1 a5 27. Re7 Ng5
28. Nxg5 Rxg5 29. Qxh7 Rc5 30. Qe4 1/2-1/2

[Event "ch-CHN 2020"]
[Site "Xinghua CHN"]
[Date "2020.12.25"]
[Round "7.3"]
[White "Zhao, Jun"]
[Black "Bai, Jinshi"]
[Result "1-0"]
[WhiteTitle "GM"]
[BlackTitle "GM"]
[WhiteElo "2638"]
[BlackElo "2618"]
[WhiteFideId "8602522"]
[BlackFideId "8602280"]
[EventDate "2020.12.19"]

1. d4 d5 2. c4 c6 3. Nf3 Nf6 4. Nc3 dxc4 5. a4 e6 6. e3 c5 7. Bxc4 cxd4 8. exd4
Be7 9. O-O O-O 10. Qe2 Nc6 11. Rd1 Nb4 12. Ne5 Bd7 13. Bf4 Bc6 14. Nxc6 bxc6 15.
a5 Nbd5 16. Be5 Bb4 17. Nxd5 cxd5 18. Ba6 Bd6 19. Bb7 Rb8 20. a6 Ne4 21. Rac1
Re8 22. Rd3 Qb6 23. Qc2 f6 24. Rb3 Qa5 25. Bxd6 Nxd6 26. Qc5 Nxb7 27. axb7 Qxc5
28. dxc5 Re7 29. c6 Rc7 30. g3 d4 31. Ra3 Kf7 32. Rxa7 d3 33. Ra8 1-0

[Event "ch-CHN 2020"]
[Site "Xinghua CHN"]
[Date "2020.12.25"]
[Round "7.4"]
[White "Yu, Yangyi"]
[Black "Lin, Yi"]
[Result "1-0"]
[WhiteTitle "GM"]
[BlackTitle "IM"]
[WhiteElo "2709"]
[BlackElo "2408"]
[WhiteFideId "8603820"]
[BlackFideId "8609659"]
[EventDate "2020.12.19"]

1. e4 e5 2. Nf3 Nf6 3. d4 Nxe4 4. dxe5 d5 5. Nbd2 Nc5 6. Be2 Be7 7. O-O O-O 8.
Re1 Nc6 9. Nf1 f6 10. exf6 Bxf6 11. Ng3 Be6 12. Nh5 Ne4 13. c3 Ne5 14. Nxf6+
Qxf6 15. Qd4 Nxf3+ 16. Bxf3 Qxd4 17. cxd4 Rae8 18. Be3 c6 19. Be2 Nd6 20. f3 Nc4
21. Bc1 Bf5 22. Kf2 Rf6 23. b3 Nd6 24. Bf4 Rfe6 25. g4 Bg6 26. Be5 h5 27. h3
hxg4 28. hxg4 Nf7 29. Bf4 Rf6 30. Bd2 Nd6 31. Kg3 Rfe6 32. Kf2 Rf6 33. Kg3 Rfe6
34. Bf1 Nb5 35. Rxe6 Rxe6 36. f4 Nxd4 37. f5 Nxf5+ 38. gxf5 Bxf5 39. b4 a6 40.
Kf4 g6 41. Re1 Kf7 42. Re5 Kf6 43. Rxe6+ Kxe6 44. Be3 Kd6 45. Bb6 Bb1 46. a4 a5
47. Bc5+ Kc7 48. bxa5 Bc2 49. Ke5 Bxa4 50. Bd6+ Kd8 51. Bd3 Bd1 52. Bxg6 Bg4 53.
Kd4 Kc8 54. Kc5 Bh3 55. Kb6 Bg4 56. Be5 Bh3 57. Be8 Bf1 58. Kc5 Bh3 59. Kd6 Kb8
60. Bd4 Bf5 61. Bh5 Bh3 62. Be2 Bf5 63. Bf1 Bg4 64. Bd3 Bh3 65. Ke7 c5 66. Bxc5
d4 67. Be4 d3 68. Be3 Kc8 69. Bf4 d2 70. Bxd2 Kb8 71. Kd8 Bf1 72. Bf4+ Ka7 73.
Kc7 Ka6 74. Bd2 1-0

[Event "ch-CHN 2020"]
[Site "Xinghua CHN"]
[Date "2020.12.25"]
[Round "7.5"]
[White "Wen, Yang"]
[Black "Huang, Renjie"]
[Result "1/2-1/2"]
[WhiteTitle "GM"]
[WhiteElo "2594"]
[BlackElo "2422"]
[WhiteFideId "8602956"]
[BlackFideId "8610134"]
[EventDate "2020.12.19"]

1. e4 c5 2. Nf3 Nc6 3. d4 cxd4 4. Nxd4 g6 5. c4 Nf6 6. Nc3 d6 7. Be2 Nxd4 8.
Qxd4 Bg7 9. Be3 O-O 10. Qd3 Be6 11. Bd4 Nd7 12. Bxg7 Kxg7 13. O-O Qa5 14. b3 a6
15. Rac1 Rab8 16. Kh1 f6 17. Rc2 b5 18. cxb5 axb5 19. Nd5 Ne5 20. Qe3 Bxd5 21.
exd5 Rfc8 22. Rxc8 Rxc8 23. f4 Nf7 24. Qxe7 Qxa2 25. Bxb5 Rc2 26. Rg1 Qxb3 27.
Bc6 Qc4 28. Be8 Qxd5 29. Bxf7 Qxf7 30. Qxd6 Qc7 1/2-1/2

[Event "ch-CHN 2020"]
[Site "Xinghua CHN"]
[Date "2020.12.25"]
[Round "7.6"]
[White "Zhang, Rui"]
[Black "Ju, Wenjun"]
[Result "1/2-1/2"]
[BlackTitle "GM"]
[WhiteElo "1658"]
[BlackElo "2560"]
[WhiteFideId "8620750"]
[BlackFideId "8603006"]
[EventDate "2020.12.19"]

1. e4 e5 2. Nf3 Nc6 3. d4 exd4 4. Nxd4 Bc5 5. Be3 Qf6 6. c3 Nge7 7. Bc4 O-O 8.
O-O Bb6 9. Kh1 d6 10. Na3 Qg6 11. Nxc6 bxc6 12. Re1 Be6 13. f4 Bxe3 14. Rxe3
Bxc4 15. Nxc4 f5 16. Qb3 Qf7 17. Na5 c5 18. Rae1 Qxb3 19. axb3 Rab8 20. g3 h5
21. exf5 Nxf5 22. Re4 Rb6 23. Kg2 Ra6 24. Ra4 Rb6 25. Rae4 g6 26. h3 Ra6 27. Ra4
Rb8 28. g4 hxg4 29. hxg4 Nh6 30. Kg3 Rxb3 31. Re8+ Kg7 32. Nxb3 Rxa4 33. Re7+
Nf7 34. Rxc7 g5 35. fxg5 Kg6 36. Nd2 Nxg5 37. Rc6 Nf7 38. b4 cxb4 39. cxb4 Rxb4
40. Nc4 Rb3+ 41. Kf4 Rd3 42. Ke4 Rd1 43. Ra6 Kg5 44. Rxa7 d5+ 45. Ke3 Nh6 46.
Ke2 Rd4 47. Ne3 Nxg4 48. Rg7+ Kh5 49. Rxg4 Rxg4 50. Nxg4 Kxg4 51. Kd3 Kf5 52.
Kd4 Ke6 53. Kd3 1/2-1/2

[Event "ch-CHN 2020"]
[Site "Xinghua CHN"]
[Date "2020.12.27"]
[Round "8.1"]
[White "Xu, Xiangyu"]
[Black "Ju, Wenjun"]
[Result "1/2-1/2"]
[WhiteTitle "GM"]
[BlackTitle "GM"]
[WhiteElo "2573"]
[BlackElo "2560"]
[WhiteFideId "8608288"]
[BlackFideId "8603006"]
[EventDate "2020.12.19"]

1. e4 e5 2. Nf3 Nc6 3. Nc3 Nf6 4. Bb5 Nd4 5. Bc4 Bc5 6. Nxe5 Qe7 7. Nf3 d5 8.
Nxd5 Qxe4+ 9. Ne3 Bg4 10. Be2 Nxe2 11. Qxe2 O-O-O 12. d3 Bxf3 13. Qxf3 Qxf3 14.
gxf3 Rhe8 15. O-O Nd5 16. Re1 Re6 17. Ng2 Rxe1+ 18. Nxe1 Re8 19. Kf1 Bd6 20. h3
Re5 21. c4 Nb4 22. Be3 Rh5 23. Kg2 c5 24. d4 cxd4 25. Bxd4 Be5 26. Bxe5 Rxe5 27.
Kf1 Rh5 28. Kg2 Rg5+ 29. Kf1 Rh5 30. Kg2 Rg5+ 31. Kf1 1/2-1/2

[Event "ch-CHN 2020"]
[Site "Xinghua CHN"]
[Date "2020.12.27"]
[Round "8.2"]
[White "Huang, Renjie"]
[Black "Zhang, Rui"]
[Result "1-0"]
[WhiteElo "2422"]
[BlackElo "1658"]
[WhiteFideId "8610134"]
[BlackFideId "8620750"]
[EventDate "2020.12.19"]

1. e4 e5 2. Bc4 Nf6 3. d3 d6 4. Nf3 Be7 5. O-O O-O 6. Re1 Nc6 7. a4 Be6 8. Nbd2
Na5 9. Bxe6 fxe6 10. b4 Nc6 11. b5 Nd4 12. Nxd4 exd4 13. Nf3 e5 14. c3 dxc3 15.
Qb3+ Kh8 16. Qxc3 Nh5 17. Be3 Qd7 18. Rac1 Rac8 19. Qa5 Nf4 20. Bxf4 Rxf4 21.
Re3 c5 22. Qc3 Rcf8 23. Kf1 g5 24. h3 h5 25. Rc2 g4 26. hxg4 Qxg4 27. Qb2 h4 28.
Ne1 Bg5 29. Rce2 b6 30. Qa2 Kg7 31. Rh3 R4f7 32. f3 Qd7 33. Nc2 Qe7 34. Ne3 Bxe3
35. Rxe3 Rf4 36. Kf2 Qf6 37. a5 Qf7 38. Qxf7+ Kxf7 39. Re1 Ke6 40. axb6 axb6 41.
Ra1 d5 42. Ke3 dxe4 43. dxe4 Kd6 44. Rhh1 Rg8 45. Rhd1+ Ke6 46. Ra6 Rb8 47. Ra7
Rf7 48. Rxf7 Kxf7 49. Rd7+ Kg6 50. Rd6+ Kf7 51. Rh6 c4 52. Rxh4 Rc8 53. Rh6 Rc5
54. Rxb6 c3 55. Rc6 Rxb5 56. Rxc3 Rb2 57. g4 Kf6 58. Rc5 Rg2 59. Rc6+ Kf7 60.
Rd6 Rh2 61. Rd2 Rh1 62. Ra2 Rh3 63. Ra5 Ke6 64. Ra6+ Kf7 65. Kf2 Rh1 66. g5 Rh5
67. Rf6+ Ke7 68. Rf5 Ke6 69. Kg3 Rh1 70. Rf6+ Ke7 71. Kg4 Rf1 72. Kh5 Rh1+ 73.
Kg6 Rh3 74. Kg7 Rg3 75. g6 Rg2 76. Rf5 Ke6 77. Kh7 Rh2+ 78. Kg8 1-0